000 00509nam a2200157 i 4500
001 68153
003 ES-MaACL
005 20230906170219.0
007 t|
008 040610s1942 sp ||||1| spa d
100 1 _aGarau Riu, Miguel.
_953930
245 1 4 _aLas empresas
_b: su administración económico-financiera orientada hacia el servicio y el beneficio /
_cMiguel Garau Riu.
260 _aBarcelona :
_bBosch,
_c[1942] (
_fClarasó)
300 _a371 p. ;
_c23 cm.
852 _aES-MaACL
_jC-11280
_bR.39581
999 _c68153
_d68153